| 000 | 00918nam a22001817a 4500 | ||
|---|---|---|---|
| 999 |
_c63243 _d63243 |
||
| 003 | Ge_BSU | ||
| 005 | 20250703103119.0 | ||
| 008 | 250703s1974 ge ||||| |||| 00| 0 geo d | ||
| 041 | _ageo | ||
| 080 | _a342.734(47+57) წ-39 | ||
| 100 |
_aწერეთელი, ნ. _94551 |
||
| 245 |
_aმოსწავლე ახალგაზრდობის შრომითი უფლებების დაცვა / _cნ. წერეთელი. |
||
| 264 |
_aთბილისი : _bსაბჭ. საქართველო, _c1974. |
||
| 300 |
_a31 გვ. ; _b17 სმ. |
||
| 440 |
_aმშობლებს მოზარდი თაობის სამართლებრივი აღზრდის შესახებ _925605 |
||
| 653 | _aახალგაზრდობის შრომითი უფლებების დაცვა. | ||
| 942 |
_2udc _cᲬᲘᲒᲜᲘ |
||